| 000 | 00000nam##2200000za#4500 |
| 001 | 9.577742 |
| 003 | CaOODSP |
| 005 | 20210624185746 |
| 007 | cr ||||||||||| |
| 008 | 150406|1982||||xxc|||||o f|0| 0 eng|d |
| 022 | |a1488-5379 |
| 040 | |aCaOODSP|beng |
| 043 | |an-cn--- |
| 086 | 1 |aFs97-6/1092E-PDF |
| 110 | 1 |aCanada. |bDepartment of Fisheries and Oceans. |
| 245 | 10|aSome aspects of growth and exploitation of yellowtail flounder (Limanda ferruginea) in the Canadian Maritimes area of the Northwest Atlantic Ocean / |h[electronic resource]|c[by] Terry D. Beacham. |
| 260 | |aNanaimo - British Columbia : |bFisheries and Oceans Canada |c1982. |
| 300 | |a25p.|breferences, tables |
| 490 | 1 |aCanadian technical report of fisheries and aquatic sciences|x1488-5379|vNo. 1092 |
| 500 | |aOn t.p.: Pacific Biological Station, Nanaimo, British Columbia. The catalogue number and ISSN for the print edition appear in the PDF version. |
| 546 | |a(Résumé en français) |
| 590 | |a13-25-Supp|b2013-10-28 |
| 720 | 1 |aBeacham, T. D. |
| 830 | #0|aCanadian technical report of fisheries and aquatic sciences,|x1488-5379|vNo. 1092|w(CaOODSP)9.504449 |
| 856 | 40|ahttp://publications.gc.ca|qPDF|s7078 KB|uhttps://publications.gc.ca/collections/collection_2013/mpo-dfo/Fs97-6-1092-eng.pdf|yNo. 1092 |